خطب الجمعة المعاصرة / (رقم التسجيلة. 126231)
[ عرض عادي ]
| 000 -الفاتح | |
|---|---|
| عناصر البيانات ثابتة الطول | 00720cam a2200205 i 4500 |
| 005 - تاريخ ووقت آخر معاملة | |
| حقل ضبط | 20251222104341.0 |
| 008 - عناصر البيانات ثابتة الطول | |
| عناصر البيانات ثابتة الطول | 250721s2012 jo gr 000 0 ara d |
| 020 ## - الترقيم الدولي المعياري للكتب (ردمك) | |
| الترقيم الدولي المعياري للكتب (ردمك) | 9789957528744 |
| 082 14 - رقم تصنيف ديوي العشري | |
| رقم التصنيف | 218.51 |
| رقم المادة | م ف ت |
| 100 1# - مدخل رئيسي – اسم شخصي | |
| الاسم الشخصي | المفتي، محمد مختار |
| علاقة الشخص بالعمل/ دوره | مؤلف. |
| 245 10 - بيان العنوان | |
| العنوان | خطب الجمعة المعاصرة / |
| بيان المسؤولية | الدكتور محمد مختار المفتي. |
| 250 ## - بيان الطبعة | |
| بيان الطبعة | الطبعة الأولى. |
| 264 31 - بيانات النشر، التوزيع…إلخ | |
| مكان النشر، التوزيع...إلخ | عمان : |
| اسم الناشر، الموزع...إلخ | امواج للطباعة والنشر والتوزيع، |
| تاريخ النشر، التوزيع...إلخ | 2012. |
| 300 ## - الوصف المادي | |
| عدد الوحدات المكونة للوعاء | 334 صفحة. |
| 650 17 - مدخل إضافي بالموضوع - مصطلح موضوعي | |
| مصطلح موضوعي أو اسم جغرافي كعنصر مدخل | الاسلام. |
| 650 17 - مدخل إضافي بالموضوع - مصطلح موضوعي | |
| مصطلح موضوعي أو اسم جغرافي كعنصر مدخل | الوعظ والارشاد. |
| 650 17 - مدخل إضافي بالموضوع - مصطلح موضوعي | |
| مصطلح موضوعي أو اسم جغرافي كعنصر مدخل | الخطب الدينية. |
| 942 ## - بيانات إضافية (كوها) | |
| نوع التنصيف | Dewey Decimal Classification |
| نوع المادة (كوها) | كتب |
| حالة السحب | حالة الفقدان | مصدر التصنيف | حالة التلف | غير قابل للإعارة | المكتبة الرئيسية | المكتبة الحالية | موقع الرف | تاريخ التزويد | الرقم المتسلسل | Total Checkouts | رقم الإستدعاء | الباركود | تاريخ آخر ظهور | تاريخ الفاتورة | نوع المادة (كوها) |
|---|---|---|---|---|---|---|---|---|---|---|---|---|---|---|---|
| Dewey Decimal Classification | المكتبة المركزية | المكتبة المركزية | الإعارة | 28/07/2025 | 1541255 | 218.51 / م ف ت | PLD00262168 | 28/07/2025 | 28/07/2025 | كتب | |||||
| Dewey Decimal Classification | المكتبة المركزية | المكتبة المركزية | مقتنيات قسم التزويد | 28/07/2025 | 1541257 | 218.51/مفت | 28/07/2025 | 28/07/2025 | كتب | ||||||
| Dewey Decimal Classification | المكتبة المركزية | المكتبة المركزية | مقتنيات قسم التزويد | 28/07/2025 | 1541258 | 218.51/مفت | 28/07/2025 | 28/07/2025 | كتب | ||||||
| Dewey Decimal Classification | مكتبة أبو علندا العامة | مكتبة أبو علندا العامة | الإعارة | 15/12/2012 | 1541259 | 218.51/مفت | PLD00262377 | 28/07/2025 | 15/12/2012 | كتب | |||||
| Dewey Decimal Classification | مكتبة أم قصير والمقابلين العامة | مكتبة أم قصير والمقابلين العامة | الإعارة | 15/12/2012 | 1541260 | 218.51/مفت | PLD00262376 | 28/07/2025 | 15/12/2012 | كتب | |||||
| Dewey Decimal Classification | مكتبة الاميرة بديعة | مكتبة الاميرة بديعة | الإعارة | 15/12/2012 | 1541263 | 218.51/مفت | PLD00262373 | 28/07/2025 | 15/12/2012 | كتب | |||||
| Dewey Decimal Classification | مكتبة الحسن العامة | مكتبة الحسن العامة | الإعارة | 15/12/2012 | 1541262 | 218.51/مفت | PLD00262374 | 28/07/2025 | 15/12/2012 | كتب | |||||
| Dewey Decimal Classification | مكتبة النصر العامة | مكتبة النصر العامة | الإعارة | 15/12/2012 | 1541265 | 218.51/مفت | PLD00262371 | 28/07/2025 | 15/12/2012 | كتب | |||||
| Dewey Decimal Classification | مكتبة حمزة العامة | مكتبة حمزة العامة | الإعارة | 15/12/2012 | 1541267 | 218.51/مفت | PLD00262369 | 28/07/2025 | 15/12/2012 | كتب | |||||
| Dewey Decimal Classification | مكتبة صويلح العامة | مكتبة صويلح العامة | الإعارة | 15/12/2012 | 1541261 | 218.51/مفت | PLD00262375 | 28/07/2025 | 15/12/2012 | كتب | |||||
| Dewey Decimal Classification | مكتبة وادي السير العامة | مكتبة وادي السير العامة | الإعارة | 15/12/2012 | 1541268 | 218.51/مفت | PLD00262368 | 28/07/2025 | 15/12/2012 | كتب |